LIBRARY ONLINE CATALOGUE

Hotel Front Office (Record no. 17131)

MARC details
000 -LEADER
fixed length control field 00522nam a22001817a 4500
008 - FIXED-LENGTH DATA ELEMENTS--GENERAL INFORMATION
fixed length control field 180709b xxu||||| |||| 00| 0 eng d
020 ## - INTERNATIONAL STANDARD BOOK NUMBER
International Standard Book Number 0070655706
040 ## - CATALOGING SOURCE
Original cataloging agency KABU
Transcribing agency KABU
050 ## - LIBRARY OF CONGRESS CALL NUMBER
Classification number HF5547
Item number .A53 2009 c. 1
100 ## - MAIN ENTRY--PERSONAL NAME
Personal name Andrews, Sudhir
245 ## - TITLE STATEMENT
Title Hotel Front Office
Statement of responsibility, etc. Sudhir Andrews
Remainder of title a training manual
250 ## - EDITION STATEMENT
Edition statement 2nd ed.
260 ## - PUBLICATION, DISTRIBUTION, ETC. (IMPRINT)
Place of publication, distribution, etc. New Delhi
Name of publisher, distributor, etc. Tata McGraw-Hill
Date of publication, distribution, etc. 2009
300 ## - PHYSICAL DESCRIPTION
Extent xxviii, 380 p.
650 ## - SUBJECT ADDED ENTRY--TOPICAL TERM
Topical term or geographic name as entry element Office Management
650 ## - SUBJECT ADDED ENTRY--TOPICAL TERM
Topical term or geographic name as entry element Personnel Management
942 ## - ADDED ENTRY ELEMENTS (KOHA)
Source of classification or shelving scheme Library of Congress Classification
Koha item type General Collection
Classification part HF5547
Holdings
Withdrawn status Lost status Source of classification or shelving scheme Not for loan Home library Current library Date acquired Cost, normal purchase price Total Checkouts Full call number Barcode Date last seen Copy number Price effective from Koha item type
    Library of Congress Classification   Kabarak, Main Campus Kabarak, Main Campus 14/08/2018 1044.00   HF5547 .A53 2009 c. 1 022072 02/08/2024 c. 1 14/08/2018 General Collection
    Library of Congress Classification   Kabarak, Main Campus Kabarak, Main Campus 14/08/2018 1044.00   HF5547 .A53 2009 c. 2 022073 02/08/2024 c. 2 14/08/2018 General Collection
    Library of Congress Classification   Kabarak, Main Campus Kabarak, Main Campus 23/02/2019 880.00   HF5547 .A53 2009 c. 3 024359 02/08/2024 c. 3 23/02/2019 General Collection